Matematicas para administración y economía (Registro nro. 19)

Detalles MARC
000 -LEADER
fixed length control field 01383 a2200253 4500
001 - CONTROL NUMBER
control field 24
005 - DATE AND TIME OF LATEST TRANSACTION
control field 20260407155403.0
008 - FIXED-LENGTH DATA ELEMENTS--GENERAL INFORMATION
fixed length control field 260407a2003 arg spa d
003 - CONTROL NUMBER IDENTIFIER
control field AR-UNSa-BCEJYS
040 ## - CATALOGING SOURCE
Original cataloging agency AR-UNSa-BCEJYS
Language of cataloging spa
Transcribing agency AR-UNSa-BCEJYS
080 ## - UNIVERSAL DECIMAL CLASSIFICATION NUMBER
Universal Decimal Classification number 510
Common auxiliary subdivision Consideraciones fundamentales y generales de las matemáticas<br/>
020 ## - INTERNATIONAL STANDARD BOOK NUMBER
International Standard Book Number 978-970-26-0383-2
041 ## - LANGUAGE CODE
Language code of text/sound track or separate title spa
100 1# - MAIN ENTRY--PERSONAL NAME
Personal name Haeussler, Ernest F.
245 10 - TITLE STATEMENT
Title Matematicas para administración y economía
250 ## - EDITION STATEMENT
Edition statement 10a. ed
264 #1 - PRODUCTION, PUBLICATION, DISTRIBUTION, MANUFACTURE, AND COPYRIGHT NOTICE
Place of production, publication, distribution, manufacture México :
Name of producer, publisher, distributor, manufacturer Pearson Educación
Date of production, publication, distribution, manufacture, or copyright notice 2003
300 ## - PHYSICAL DESCRIPTION
Extent xv, 846 p.
Dimensions 27 cm
505 ## - FORMATTED CONTENTS NOTE
Formatted contents note 0. Repaso de álgebra - 1. Ecuaciones - 2. Aplicaciones de ecuaciones y desigualdades - 3. Funciones y gráficas - 4. Rectas, parábolas y sistemas de ecuaciones - 5. Funciones exponencial y logarítmica - 6. Algebra de matrices - 7. Programación lineal - 8. Matemáticas financieras - 9. Límites y continuidad - 10. Diferenciación - 11. Temas adicionales de diferenciación - 12. Trazado de curvas - 13. Aplicaciones de la diferenciación - 14. Integración - 15. Métodos y aplicaciones de la integración - 16. Cálculo de varias variables
590 ## - LOCAL NOTE (RLIN)
Local note niveau_biblio:m niveau_hierar:0
700 1# - ADDED ENTRY--PERSONAL NAME
Personal name Paul, Richard S.
856 41 - ELECTRONIC LOCATION AND ACCESS
Uniform Resource Identifier <a href="https://biblioeco.unsa.edu.ar/pmb/images/libros/Matem?ticas para administraci?n y econom?a-l86941.jpg">https://biblioeco.unsa.edu.ar/pmb/images/libros/Matem?ticas para administraci?n y econom?a-l86941.jpg</a>
Link text Imagen de portada
Electronic format type image/jpeg
942 ## - ADDED ENTRY ELEMENTS (KOHA)
Koha item type
Existencias
Withdrawn status Lost status Damaged status Not for loan Home library Current library Shelving location Date acquired Total checkouts Full call number Barcode Date last seen Price effective from Koha item type
        Biblioteca Prof. Eusebio Cleto del Rey Biblioteca Prof. Eusebio Cleto del Rey   07/04/2026   510 H137m 10ed. L86940 07/04/2026 07/04/2026 Libro
        Biblioteca Prof. Eusebio Cleto del Rey Biblioteca Prof. Eusebio Cleto del Rey   07/04/2026   510 H137m 10ed. L86941 07/04/2026 07/04/2026 Libro
        Biblioteca Prof. Eusebio Cleto del Rey Biblioteca Prof. Eusebio Cleto del Rey   07/04/2026   510 H137m 10ed. L116566 07/04/2026 07/04/2026 Libro
        Biblioteca Prof. Eusebio Cleto del Rey Biblioteca Prof. Eusebio Cleto del Rey   07/04/2026   510 H137m 10ed. L116570 07/04/2026 07/04/2026 Libro